| 000 | 00810cam a22001934a 4500 | ||
|---|---|---|---|
| 005 | 20250605164018.0 | ||
| 008 | 250528s ||||||||||||||||||||||||d | ||
| 035 | _a16234 | ||
| 020 | _a582525829 | ||
| 040 |
_aGR-AtMCL _bgre _dGR-AtMCL _eAACR2 |
||
| 245 | 1 | _aElectronics and Communications / Technical English Supplementary Readers | |
| 260 |
_bLongman, _c1970 |
||
| 300 | _a92 | ||
| 520 | _aThis book is the second in a series of supplementary readers designed for overseas students in support of a post-intermediate technical English course. Wave forms, Two Terminal Components, Amplifiers, Semiconductor Devices, Feedback, Vacuum Tubes, Aerials, Transmitters, Receivers, Television, Radar, Questions, Glossary. | ||
| 700 | 1 |
_aWells G. W _92311 |
|
| 942 | _cBK | ||
| 999 |
_c1757 _d1757 |
||